000 00524nam a2200145 i 4500
001 29065
003 ES-MaACL
005 20230906153954.0
007 t|
008 030121s1881 sp ||||1| spa d
100 1 _aBalari y Jovany, José.
_924823
245 1 0 _aAlgunas consideraciones acerca de la formación del romance castellano
_b: discurso leído en la Universidad de Barcelona en la inauguración del curso 1881-1882 /
_cJosé Balari y Jovany.
260 _aBarcelona :
_b[s.n.,
_c1881]
852 _aES-MaACL
_jT-657-F-10
999 _c29065
_d29065